000 01439cad a22002895a 4500
001 E152093
008 110201s2011 stk f s000 0 eng d
020 _a9780755999781
022 1 _a0141-514X
035 _a(Sirsi) u152093
041 0 _aeng
050 0 4 _a711.1 $2 18
110 2 _aScotland
_bScottish Government
_95344
245 0 0 _aTree preservation orders
_bplanning circular 1 2011
_h[electronic resource]
260 _aEdinburgh
_bScottish Government
_c2011
490 0 _aPlanning Circular
_v(1/2011)
520 _aExplains the policy and procedures relating to tree preservation orders and trees in conservation areas set out in the Town and Country Planning (Scotland) Act 1997, as amended by the Planning etc. (Scotland) Act 2006 and the Town and Country Planning (Tree Preservation Order and Trees in Conservation Areas) (Scotland) Regulations 2010 (SSI 2010/434).
521 _aAdvanced
590 _aKA
650 1 4 _aTOWN AND COUNTRY PLANNING (SCOTLAND) ACT 1997
650 2 4 _aPLANNING ETC. (SCOTLAND) ACT 2006
650 2 4 _aTOWN AND COUNTRY PLANNING (TREE PRESERVATION ORDER AND TREES IN CONSERVATION AREAS) (SCOTLAND) REGULATIONS 2010
651 4 _aScotland
_y1999-
690 _aENVIRONMENTAL AND LAND CONSULTANCY-PLANNING AND DEVELOPMENT-PLANNING GUIDANCE
856 4 0 _uhttps://www.scotland.gov.uk/Publications/2011/01/28152314/0
_zView the circular free of charge at www.scotland.gov.uk...
942 _n0
999 _c111849
_d111849